000
00296nam a22001337a 4500
008
170608b xxu||||| |||| 00| 0 eng d
020
_a
039395661-X
041
_a
eng
080
_2
11TH
_a
94
100
_a
18
101
_a
SHH
245
_a
WESTERN CIVILIZATIONS
_c
LERNER,R,.E
942
_2
udc
_c
BK
999
_c
16502
_d
16502